Teória dopravných a manipulačných zariadení /

Gespeichert in:
Bibliographische Detailangaben
Hauptverfasser: Jasaň, Vincent (Verfasst von), Košábek, Juraj (Verfasst von), Szuttor, Norbert (Verfasst von)
Format: Buch
Sprache:Slowakisch
Veröffentlicht: Bratislava : Alfa, 1989
Ausgabe:1.vyd.
Schlagworte:
Online-Zugang:OBSAH
Tags: Tag hinzufügen
Keine Tags, Fügen Sie das erste Tag hinzu!

MARC

LEADER 00000nam a22000003a 4500
001 stu37366
005 20150617225723.4
008 920709s1989----cs------------------slo-d
040 |a STU  |b slo 
041 0 |a slo 
044 |a cs 
080 |a 621.86 
080 |a 629(075.8) 
100 1 |a Jasaň, Vincent  |4 aut 
245 1 |a Teória dopravných a manipulačných zariadení /  |c [aut.]Vincent Jasaň, Juraj Košábek, Norbert Szuttor 
250 |a 1.vyd. 
260 |a Bratislava :  |b Alfa,  |c 1989 
300 |a 374 s 
650 7 |a Zariadenia dopravné  |2 stusub 
650 7 |a zariadenia manipulačné  |2 stusub 
700 1 |a Košábek, Juraj  |4 aut 
700 1 |a Szuttor, Norbert  |4 aut 
856 4 |a https://sweb.mtf.stuba.sk/obsahy/teoria_dopravnych_a_manipulacnych_zariadeni_89.pdf  |u https://sweb.mtf.stuba.sk/obsahy/teoria_dopravnych_a_manipulacnych_zariadeni_89.pdf  |3 OBSAH 
996 |b 284M022923  |c M*7094-4  |l MMKN  |s A  |a 24  |w stu37366_0001 
996 |b 284M061452  |c M*7094-1  |l MMKN  |s A  |a 24  |w stu37366_0002 
996 |b 284M058355  |c M*7094-2  |l MMKN  |s A  |a 24  |w stu37366_0003 
996 |b 284M022924  |c M*7094-3  |l MMKN  |s A  |a 24  |w stu37366_0004